Đang tải...

Principles of compiler design

Chi tiết về thư mục
Tác giả chính: Prasad K.S., Nandini
Định dạng: Printed Book
Ngôn ngữ:English
Được phát hành: New Delhi Elsevier 2012
Phiên bản:2nd ed.
Những chủ đề:
LEADER 00554nam a22001817a 4500
003 OSt
008 121015t xxu||||| |||| 00| 0 eng d
020 |a 9789381269473 
082 |a 004.4'422  |b PRA 
100 |a Prasad K.S., Nandini  |9 8402 
245 |a Principles of compiler design 
250 |a 2nd ed. 
260 |a New Delhi  |b Elsevier  |c 2012 
300 |a [ ],389p. 
653 |a  Compiler design 
942 |2 ddc  |c BK  |6 _ 
999 |c 87043  |d 87043 
952 |0 0  |1 0  |2 ddc  |4 0  |6 0044422_PRA  |7 0  |9 109327  |a DCA  |b DCA  |d 2012-10-15  |o 004.4'422 PRA  |p CA005713  |r 2012-10-15  |w 2012-10-15  |y BK